000 01652nam a22004337a 4500
001 000104280
003 CHAP
005 20220329143718.0
008 110325s2011 mx r 00010 spa d
010 _a100742
011 _a101714
035 _a112402
040 _cCHAP
090 _aTesis
100 1 _aLópez Mora, Yaneth.
_968143
245 1 0 _aManipulación del colesterol y lípidos totales en el huevo de gallinas suplementadas con cobre y cromo
_h[En línea]
_c/por Yaneth López Mora.
260 _aChapingo, Méx. :
_bEl autor,
_c2011.
502 _aTesis (Ing. Agr. Esp. en Zootecnia) -- UACH. Departamento de Enseñanza, Investigación y Servicio en Zootecnia
530 _atambièn disponible en lìnea
590 _aALEPH
_b10
_c20130110
_lUCH01
_h1540
590 _aBATCH-UPD
_b10
_c20130110
_lUCH01
_h1006
590 _aBATCH-UPD
_b10
_c20130410
_lUCH01
_h0616
590 _aBATCH-UPD
_b10
_c20130914
_lUCH01
_h0954
590 _aBATCH-UPD
_b10
_c20140324
_lUCH01
_h1524
590 _aBATCH-UPD
_b10
_c20141002
_lUCH01
_h0848
590 _aCONVERSION
_b10
_c20130109
_lUCH01
_h1356
590 _aE11695DGD
_b10
_c20170727
_lUCH01
_h1051
650 4 _aGallinas
_xNutrición.
_944443
650 1 4 _aCobre en nutrición animal.
_924191
650 1 4 _aCromo en nutrición animal.
_929151
650 1 4 _aHuevos.
_956738
650 1 4 _aLípidos.
_967487
856 _3Finding aid
_uhttp://10.13.5.2/tesis/112402.pdf
_zTeclea aqui
901 _aBK
942 _cFOLL
942 _n0
949 _aTesis
_bBC
_cTES
_d33724002259496
_eTS2
_fc.2
_gDonaciØn
_h52205
_i112402
_st
949 _aTesis
_bBC
_cTES
_d33724002259538
_eTS1
_gDonaciØn
_h52104
_i112402
_st
999 _c100742
_d100742